Online
Catalog

Temor-esperanza-acción : (Record no. 22007)

MARC details
000 -CABECERA
campo de control de longitud fija 00990nam a2200241 a 4500
001 - NÚMERO DE CONTROL
campo de control 000022509
005 - FECHA Y HORA DE LA ÚLTIMA TRANSACCIÓN
campo de control 20200930021640.0
008 - DATOS DE LONGITUD FIJA--INFORMACIÓN GENERAL
campo de control de longitud fija 101012s1982 dr a 000 0 spa d
040 ## - FUENTE DE LA CATALOGACIÓN
Centro catalogador/agencia de origen DO-SdBNP
Lengua de catalogación spa
Centro/agencia transcriptor BNPHU
082 ## - NÚMERO DE LA CLASIFICACIÓN DECIMAL DEWEY
Número de clasificación 338.97293
Número de documento/Ítem G956t
100 1# - ENTRADA PRINCIPAL--NOMBRE DE PERSONA
Nombre de persona Guiliani Cury, Hugo
9 (RLIN) 6465
245 10 - MENCIÓN DE TÍTULO
Título Temor-esperanza-acción :
Resto del título un enfoque de política económica para la República Dominicana /
Mención de responsabilidad, etc. Hugo Guiliani Cury.
260 ## - PUBLICACIÓN, DISTRIBUCIÓN, ETC.
Lugar de publicación, distribución, etc. Santo Domingo :
Nombre del editor, distribuidor, etc. Taller,
Fecha de publicación, distribución, etc. 1982.
300 ## - DESCRIPCIÓN FÍSICA
Extensión 302 p. :
Otras características físicas il. ;
Dimensiones 21 cm.
500 ## - NOTA GENERAL
Nota general Incluye datos biográficos del autor en la contracubierta
500 ## - NOTA GENERAL
Nota general Incluyen referencias bibliográficas y notas al pie de las páginas
590 ## - NOTA LOCAL (RLIN)
Nota local Inventariado, 2018/BT
650 #4 - PUNTO DE ACCESO ADICIONAL DE MATERIA--TÉRMINO DE MATERIA
Término de materia o nombre geográfico como elemento de entrada Industria azucarera
Subdivisión geográfica República Dominicana
9 (RLIN) 8386
651 #4 - PUNTO DE ACCESO ADICIONAL DE MATERIA--NOMBRE GEOGRÁFICO
Nombre geográfico República Dominicana
Subdivisión general Condiciones Económicas
9 (RLIN) 281
651 #4 - PUNTO DE ACCESO ADICIONAL DE MATERIA--NOMBRE GEOGRÁFICO
Nombre geográfico República Dominicana
Subdivisión general Política Económica
9 (RLIN) 643
651 #4 - PUNTO DE ACCESO ADICIONAL DE MATERIA--NOMBRE GEOGRÁFICO
Nombre geográfico República Dominicana
Subdivisión general Industrias
9 (RLIN) 8277
910 ## - DATOS DE OPCIÓN DEL USUARIO (OCLC)
Datos de opción del usuario Validado. Control de calidad. MFF
Holdings
Estado de retiro Estado de pérdida No para préstamo Código de colección Localización permanente Ubicación/localización actual Ubicación en estantería Fecha de adquisición Número de inventario Total de préstamos Signatura topográfica completa Código de barras Fecha visto por última vez Precio válido a partir de Tipo de ítem Koha Número de copia
    Excluido de préstamo Patrimonio Dominicano Patrimonio Dominicano Patrimonio Dominicano Depósito 12.10.2010 LF1   338.97293 G956t 22509-10 25.06.2020 25.06.2020 Libro y Folleto Colección Patrimonio Dominicano  
    Excluido de préstamo Patrimonio Dominicano Patrimonio Dominicano Patrimonio Dominicano Depósito 12.10.2010 LF1   338.97293 G956t 22509-20 25.06.2020 25.06.2020 Libro y Folleto Colección Patrimonio Dominicano e. 2

Powered by Koha